| 000 | 00923nam a2200229 u 4500 | ||
|---|---|---|---|
| 001 | 000336605 | ||
| 003 | AM-YeHGA | ||
| 005 | 20250618072113.0 | ||
| 008 | 040520s1973 ai r 000 0 arm d | ||
| 040 | _aAM-YeHGA | ||
| 041 | 1 |
_aarm _hrus |
|
| 080 | _aР1 | ||
| 090 | _aՄ-22 | ||
| 245 | 1 | 0 |
_aՄոխրավզիկը : _b[Պատմվածքներ] / _cԴ.Ն. Մամին-Սիբիրյակ; Թարգմ.՝ Հ. Հարությունյան; Խմբ.՝ Ռ.Հ. Քալաշյան; Նկ.՝ Է.Ս. Գրիգորյան. |
| 260 |
_aԵրևան : _bՀայաստան, _c1973. |
||
| 300 |
_a36 էջ : _bնկ. ; _c17 սմ. |
||
| 650 | 1 | 4 |
_aՌուս գրականություն _xՊատմվածք _94645 |
| 700 | 1 |
_aՀարությունյան, Հարություն Խաչատուրի, _d1896-1974 _eթարգմ. _4trl _91171 |
|
| 700 | 1 |
_aՔալաշյան, Ռ.Հ. _eխմբ. _4edt |
|
| 700 | 1 |
_aԳրիգորյան, Է.Ս. _eնկ. _4art |
|
| 090 | _c128295 | ||
| 999 |
_c126933 _d126933 |
||